00838nam a22002657a 45000010005000000030006000050050017000110080041000280200018000690400029000870500008001160820011001241000024001352450085001592500025002442600053002693000040003224900041003625050008004035200050004115210029004615210020004906500023005107000039005339684FISKH20260129135513.0260129b cb ||||| |||| 00| 0 eng d a9780462004792 aFISKHbengcFISKHdFISKH aPZ7 a599.75 aJack, HollyeAuthor aA party invitation / cWritten by Holly Jack ; photographed by Butterworth Brown aFirst published 2008 aLondon : bMarshall Cavedish Education , c2008. a16 pages : bphotographs ;c19 cm . aMy pals are here! Reading star :v6d aK  aInstruction about how to make an invitation. 8 a510 bLexile estimate 8 aK bRaz-Plus  aCraftvInvitation  aBrown, Butterworth ePhotographer